000 00444nam a2200145 4500
245 _aLyrical ballads 1798
_cWilliam Wordsworth and Samuel Taylor Coleridge ; edited by W. J. B. Owen
100 _aWordsworth, William
710 _aColeridge Samuel Taylor
710 _aOwen, W. J. B.
250 _a2nd ed.
260 _aLondon
_bOxford University Press
_c1969
300 _axl,179p.; 20cm.
500 _areprinted 1971
082 _a821.05
_bWOR/COL
999 _c1071
_d1071